000
00223 a2200097 4500
001
27555
100
_a
Gottfried, B
245
_a
Basic programmer's reference guide
260
_a
_b
Quantum pub
_c
1973
090
_c
18343
_d
18343
942
_a
NUST-CAE
_c
M
_c
9273
999
_c
262628
_d
262628